=LDR 00000nam 2200000 4500 =001 NUTBA000000000005397 =005 20141029105458.0 =006 =007 =008 =035 ##$$a 0010-101400000000627 =040 ##$$a NBPDMAT =082 ##$$a 910.076 =090 ##$$a 910.076 Dwi l =100 ##$$a Dwi Lestari =245 ##$$a LKS utama Geografi untuk SMA/MA kelas 1, 2 semester 2$cDwi Lestari =250 ##$$a Cet. 1 =260 ##$$a Jakarta$bWidya Utama$c2007 =300 ##$$a 64 hkm$bilus$c29 cm =500 ##$$a Cet. 1 =650 ##$$a Geografi SMA - Soal dan Latihan =850 ##$$a NBPDMAT =990 ##$$a 1320513205 =990 ##$$a 01201713205 =990 ##$$a 21414832 =990 ##$$a 21414833 =990 ##$$a 21414834 =990 ##$$a 21414835 =990 ##$$a 21414836